Entry Nombre personal
001 - NÚMERO DE CONTROL
- campo de control: 18018
003 - IDENTIFICADOR DE NÚMERO DE CONTROL
- campo de control: SpMaBN
005 - FECHA Y HORA DE LA ÚLTIMA TRANSACCIÓN
- campo de control: 20230528191459.0
008 - ELEMENTOS DE DATO DE LONGITUD-FIJA
- campo de control de longitud fija: 990501n| aijnnaabn a aac
016 ## - NÚMERO DE CONTROL DE UNA AGENCIA BIBLIOGRÁFICA NACIONAL
- Número de control del registro: BNE20000968632
040 ## - FUENTE DE CATALOGACIÓN
- Centro catalogador/agencia de origen: SpMaBN
- Lengua de catalogación: spa
- Centro/agencia transcriptor: SpMaBN
- Normas de descripción: rdc
- Convención/Normas de encabezamiento de materia/tesauro: embne
- Centro/agencia modificador: ES-MaACL
046 ## - FECHAS CON CODIFICACIÓN ESPECIAL
- Fecha de nacimiento: 1924
- Fecha de la muerte: 1993
100 1# - ENCABEZAMIENTO-NOMBRE DE PERSONA
- Nombre de persona: Abe, Kôbô,
- Fechas asociadas al nombre: 1924-1993
375 ## - GÉNERO/SEXO
- Género: Masculino
400 1# - TRAZADO DE VÉASE--NOMBRE DE PERSONA
- Nombre de persona: Kôbô, Abe,
- Fechas asociadas al nombre: 1924-1993
670 ## - FUENTE DE DATOS ENCONTRADOS
- Cita de la fuente: La mujer en la arena, 1989;
- Información encontrada: port. (Kôbô Abe)
670 ## - FUENTE DE DATOS ENCONTRADOS
- Cita de la fuente: Encyclopedia of world literature in the 20th century, 1998;
- Información encontrada: (Abe Kôbô; b. 7 March 1924, Tokyo, d. 22 January 1993, Tokyo; japanese novelist)
670 ## - FUENTE DE DATOS ENCONTRADOS
- Cita de la fuente: WWW LC auth. file, 6-7-2004;
- Información encontrada: (Abe, K¯ob¯o, 1924- )
670 ## - FUENTE DE DATOS ENCONTRADOS
- Cita de la fuente: WWW Bn España aut., 28-5-2023;
- Información encontrada: (Abe, Kôbô, 1924-1993)
955 ## - CATALOGADOR - EDICIÓN
- Nombre del catalogador: Julia Mas Vieira
